| 000 | 00528pab a2200181 454500 | ||
|---|---|---|---|
| 008 | 180718b2013 xxu||||| |||| 00| 0 eng d | ||
| 100 | _aPoister, Theodore H. | ||
| 245 | _aDoes performance management lead to better outcomes? Evidence from the US public transit industry | ||
| 260 | _c2013 | ||
| 300 | _ap.625-636. | ||
| 362 | _aJul-Aug | ||
| 650 | _aPerformance appraisal | ||
| 700 | _aEdwards, Lauren Hamilton | ||
| 700 | _aPasha, Obed Q. | ||
| 773 | _aPublic Administration Review | ||
| 908 | _aN | ||
| 909 | _a100627 | ||
| 999 |
_c100626 _d100626 |
||